MisterMV - P'tits jeux finis à la pisse - Paroles - Statistiques

Statistiques générales
  • Ce quiz a été pris 5 fois
  • Le résultat moyen est 130 sur 192
Statistiques - réponses
Réponses % Correct
à
100%
adore
100%
Ah
100%
amour
100%
avec
100%
c'
100%
C'
100%
ça :
100%
ce
100%
Christiane
100%
est
100%
Est
100%
ferais
100%
Finis
100%
finis
100%
HA
100%
j'
100%
jeux
100%
jeux,
100%
l'
100%
la
100%
LA
100%
LAAA
100%
le
100%
les
100%
Les
100%
moi
100%
n'
100%
nuit
100%
ou
100%
oui
100%
papa,
100%
pisse !
100%
pisse,
100%
pisse.
100%
pour
100%
p'tits
100%
P'tits
100%
qu'
100%
que
100%
Taubira ?
100%
ton
100%
tu
100%
un
100%
une
100%
OUAIS !
80%
vrai,
80%
vrai
80%
qui
60%
16
40%
8
40%
bien
40%
bit !
40%
ceux
40%
du
40%
énorme
40%
fête
40%
ma
40%
mais
40%
ont
40%
slip,
40%
super
40%
Super
40%
tous
40%
ait
20%
Alors
20%
Alors ?
20%
animaux
20%
Bachelot ?
20%
Bardot ?
20%
Bonjour
20%
BOOOUUULLLEEE
20%
BOULBOULBOULBOULBOULBOULBOUL-BOULE
20%
BOULBOULBOUL-BOULE
20%
BOUL-BOULE
20%
BOULE
20%
boulot,
20%
Brigitte
20%
c'est
20%
comme
20%
courses
20%
cuni
20%
dans
20%
de
20%
devant
20%
également,
20%
Genesis.
20%
grande
20%
HA
20%
il
20%
intérieur
20%
laver,
20%
lessive
20%
MAAAGGGIIIQUE
20%
MAAAGGGIIIQUE !
20%
machine
20%
MAGIQUE !
20%
Maître !
20%
mignon,
20%
mon
20%
moult
20%
Nan
20%
Nintendo,
20%
notre
20%
pas
20%
passion,
20%
péché
20%
Pierre !
20%
quitterais
20%
Roselyne
20%
Sega
20%
Sodomiserais
20%
sur
20%
tambour
20%
tiroir...
20%
vérifier
20%
voulez
20%
vous
20%
y
20%
Aucun quiz correspondant
Distribution des résultats
% des personnes avec chaque résultat
Percentile par nombre de réponses
Votre historique - résultats
Vous n’avez pas pris ce quiz